Statistics for Top 100 U.S. or U.K. Cities (population)

Click here to take the quiz!

General Stats

  • This quiz has been taken 55 times
  • The average score is 58 of 100

Answer Stats

AnswerPop (ths)% Correct
Birmingham (WM)1,154
98%
London8,908
98%
Los Angeles3,822
94%
Manchester (NW)554
94%
Liverpool579
92%
New York8,336
92%
San Francisco808
90%
Washington672
90%
Chicago2,665
88%
Glasgow612
88%
Houston2,303
88%
Leeds503
88%
Boston651
85%
Dallas1,300
85%
Edinburgh488
83%
Cardiff351
81%
Las Vegas656
81%
Austin974
77%
Miami450
77%
Philadelphia1,567
77%
San Diego1,381
77%
Seattle749
77%
Sheffield544
77%
Belfast329
75%
Denver713
75%
Detroit620
75%
Jacksonville971
75%
Phoenix1,644
75%
New Orleans370
73%
San Jose971
73%
Bristol572
71%
Indianapolis880
71%
San Antonio1,473
71%
Cincinnati310
69%
Kansas City509
69%
Memphis621
69%
Nashville684
69%
Nottingham311
69%
Orlando316
69%
Atlanta499
67%
Portland635
67%
Raleigh477
67%
Tampa398
67%
Charlotte898
65%
Cleveland362
65%
Columbus (OH)907
65%
St. Louis287
65%
Leicester471
63%
Minneapolis425
63%
Sacramento528
63%
Southampton269
63%
Oklahoma City695
60%
El Paso677
58%
Louisville624
58%
Milwaukee563
58%
Pittsburgh303
58%
Baltimore570
56%
Coventry369
56%
Albuquerque561
54%
Buffalo276
52%
Fresno546
50%
Omaha485
50%
Virginia Beach456
50%
Fort Worth957
46%
Newark305
46%
Oakland431
46%
Tucson547
46%
Bakersfield411
44%
Honolulu343
44%
Reno273
44%
Colorado Springs486
42%
Lincoln (NE)293
42%
Wichita396
42%
Anchorage287
40%
Greensboro301
40%
Kingston-upon-Hull289
40%
Tulsa412
40%
Durham (NC)292
38%
Long Beach451
38%
Anaheim344
35%
Arlington394
35%
Bradford361
35%
Corpus Christi316
35%
Saint Paul303
35%
Madison273
33%
Mesa512
33%
Riverside321
33%
Stockton322
31%
Stoke-on-Trent277
31%
Aurora393
29%
Irvine314
29%
Jersey City287
29%
Lexington320
29%
Henderson331
27%
Santa Ana308
27%
Chandler281
19%
Chula Vista279
19%
North Las Vegas281
19%
Plano290
17%
Gilbert275
15%

Score Distribution

Percentile by Number Answered

Percent of People with Each Score

Your Score History

You have not taken this quiz